[Event "Muensterland Verbandsklasse-B 1011"]
[Site "Germany"]
[Date "2011.01.08"]
[Round "5.3"]
[White "Bergemann, Martin"]
[Black "Lodde, Martin"]
[Result "1/2-1/2"]
[WhiteElo "1879"]
[BlackElo "1926"]
[PlyCount "91"]
[EventDate "2010.09.18"]
[EventType "team-tourn"]
[EventRounds "9"]
[EventCountry "GER"]
[SourceTitle "EXT 2012"]
[Source "ChessBase"]
[SourceDate "2011.11.24"]
[SourceVersion "1"]
[SourceVersionDate "2011.11.24"]
[SourceQuality "1"]
[WhiteTeam "Raesfeld Erle"]
[BlackTeam "Telgte"]
[WhiteTeamCountry "GER"]
[BlackTeamCountry "GER"]

1. d4 Nf6 2. Bg5 d5 3. Bxf6 exf6 4. e3 f5 5. Bd3 g6 6. Nd2 Bg7 7. Qf3 c6 8. Ne2 Nd7 9. c4 Nf6 10. 0-0 0-0 11. Nf4 Be6 12. Qe2 Re8 13. Nb3 dxc4 14. Bxc4 Bxc4 15. Qxc4 Ne4 16. Rfd1 Qe7 17. Qc2 Bh6 18. Nd3 Rad8 19. Re1 Bg7 20. Rac1 Bf6 21. Na5 Rd5 22. Nc4 Bg7 23. b4 h5 24. Qb3 Bh6 25. Nce5 Kg7 26. a4 a6 27. Qa2 h4 28. h3 Bg5 29. Rc2 Bf6 30. Rb1 Ra8 31. Qb2 g5 32. Qc1 Bxe5 33. Nxe5 f6 34. Nd3 Rad8 35. Qd1 Kg6 36. Qf3 Qe8 37. Kh2 Qe7 38. Kh1 Qe8 39. Rf1 Qe7 40. Nc5 Re8 41. Nd3 Rh8 42. Kg1 Ra8 43. Rb1 a5 44. Qd1 axb4 45. Rxb4 Rda5 46. Rcb2 1/2-1/2

[Event "Muensterland Verbandsklasse-A 0910"]
[Site "Germany"]
[Date "2010.02.20"]
[Round "7.5"]
[White "Bergemann, Martin"]
[Black "Wernsmann, Rolf"]
[Result "1-0"]
[WhiteElo "1861"]
[BlackElo "1803"]
[PlyCount "45"]
[EventDate "2009.09.19"]
[EventType "team-tourn"]
[EventRounds "9"]
[EventCountry "GER"]
[SourceTitle "EXT 2011"]
[Source "ChessBase"]
[SourceDate "2010.11.26"]
[SourceVersion "1"]
[SourceVersionDate "2010.11.26"]
[SourceQuality "1"]
[WhiteTeam "Raesfeld Erle"]
[BlackTeam "Emsdetten Rochade II"]
[WhiteTeamCountry "GER"]
[BlackTeamCountry "GER"]

1. d4 d6 2. Nf3 c6 3. Nc3 Nf6 4. e4 Bg4 5. h3 Bh5 6. g4 Bg6 7. Qe2 e6 8. Bf4 Be7 9. Bg2 Nfd7 10. a4 Na6 11. 0-0 0-0 12. Rfe1 Qa5 13. Qd2 Rac8 14. Rad1 Rfd8 15. Nd5 Qxd2 16. Nxe7+ Kf8 17. Nxg6+ hxg6 18. Bxd6+ Kg8 19. Rxd2 Nb6 20. Ba3 Nxa4 21. Bf1 Nc7 22. Ra1 b5 23. b3 1-0

[Event "Muensterland Verbandsklasse-A 0910"]
[Site "Germany"]
[Date "2009.09.19"]
[Round "1.5"]
[White "Bergemann, Martin"]
[Black "Ollech, Dirk"]
[Result "1/2-1/2"]
[WhiteElo "1861"]
[BlackElo "1871"]
[PlyCount "60"]
[EventDate "2009.09.19"]
[EventType "team-tourn"]
[EventRounds "9"]
[EventCountry "GER"]
[SourceTitle "EXT 2011"]
[Source "ChessBase"]
[SourceDate "2010.11.26"]
[SourceVersion "1"]
[SourceVersionDate "2010.11.26"]
[SourceQuality "1"]
[WhiteTeam "Raesfeld Erle"]
[BlackTeam "Muenster Indische Dame"]
[WhiteTeamCountry "GER"]
[BlackTeamCountry "GER"]

1. d4 Nf6 2. Bg5 d5 3. Bxf6 exf6 4. e3 b6 5. c3 Bb7 6. Bd3 Nd7 7. Qf3 c5 8. Nd2 Be7 9. Ne2 Qc7 10. Nf4 Qd6 11. 0-0 0-0 12. Rfe1 Rfe8 13. Rad1 g6 14. Bc2 cxd4 15. exd4 f5 16. Bb3 Nf6 17. Nf1 Ne4 18. Nd3 Bf6 19. Ne3 Bg5 20. Nb4 Bxe3 21. Rxe3 a5 22. Nd3 a4 23. Bc2 a3 24. Bb3 Rac8 25. Rde1 Red8 26. bxa3 Rxc3 27. Nb4 Rdc8 28. Qd1 Qf4 29. Qe2 Rc1 30. Nd3 Rxe1+ 1/2-1/2

[Event "Muensterland Verbandsklasse-A 0809"]
[Site "Germany"]
[Date "2009.03.07"]
[Round "7.5"]
[White "Bergemann, Martin"]
[Black "Baer, Klaus"]
[Result "1-0"]
[WhiteElo "1848"]
[BlackElo "1565"]
[PlyCount "49"]
[EventDate "2008.09.13"]
[EventType "team-tourn"]
[EventRounds "9"]
[EventCountry "GER"]
[SourceTitle "EXT 2010"]
[Source "ChessBase"]
[SourceDate "2010.11.25"]
[SourceVersion "1"]
[SourceVersionDate "2010.11.25"]
[SourceQuality "1"]
[WhiteTeam "Raesfeld Erle"]
[BlackTeam "Gronau II"]
[WhiteTeamCountry "GER"]
[BlackTeamCountry "GER"]

1. d4 Nf6 2. Bg5 e6 3. e4 Be7 4. Bxf6 Bxf6 5. e5 Be7 6. Qg4 0-0 7. Bd3 c5 8. dxc5 Bxc5 9. Nc3 Nc6 10. Nf3 g6 11. 0-0-0 a6 12. h4 h5 13. Qg3 Kg7 14. Ng5 Bd4 15. Ne2 Bxe5 16. f4 Bc7 17. Bxg6 Qf6 18. Bxh5 Kh6 19. Ne4 Qf5 20. Bf3 d5 21. Qg5+ Qxg5 22. hxg5+ Kg7 23. Nf6 Rh8 24. Rxh8 Kxh8 25. Rh1+ 1-0

[Event "Muensterland Verbandsklasse-A 0708"]
[Site "Germany"]
[Date "2008.03.08"]
[Round "7.5"]
[White "Raddatz, Uwe"]
[Black "Bergemann, Martin"]
[Result "1/2-1/2"]
[WhiteElo "1893"]
[BlackElo "1888"]
[PlyCount "44"]
[EventDate "2007.09.22"]
[EventType "team"]
[EventRounds "9"]
[EventCountry "GER"]
[SourceTitle "EXT 2009"]
[Source "ChessBase"]
[SourceDate "2008.11.26"]
[SourceVersion "1"]
[SourceVersionDate "2008.11.26"]
[SourceQuality "1"]
[WhiteTeam "Muenster SK III"]
[BlackTeam "Raesfeld Erle"]
[WhiteTeamCountry "GER"]
[BlackTeamCountry "GER"]

1. Nf3 c5 2. g3 g6 3. Bg2 Bg7 4. 0-0 Nc6 5. c4 e6 6. Nc3 Nge7 7. d3 0-0 8. Bg5 h6 9. Bd2 b6 10. a3 Bb7 11. Qc1 Kh7 12. b4 cxb4 13. axb4 Rb8 14. b5 Na5 15. Ra3 d5 16. cxd5 exd5 17. Na4 Rc8 18. Qb1 d4 19. Bxa5 bxa5 20. Ng5+ hxg5 21. Bxb7 Rb8 22. Bf3 Qd7 1/2-1/2